00658nam a2200229 a 450000100100000000500170001000800410002702000180006804100100008604300120009610000260010824500430013425000120017726000370018930000190022649000210024565000360026665000360030265000330033865000280037165000290039900008220820200120224709.0161130s2014 ck ||||gr|||| 000 ||spa d a97884322212480 a*+spa as-ck---1 aMillás, Juan José13aLa mujer loca /cJuan José Millás. a1a. ed. aBarcelona :bSeix Barral,c2014. a238 páginas.0 aBiblioteca breve17aRealidad en la literatura2LEMB27aSecretos en la literatura2LEMB27aHumor en la literatura2LEMB27aNovela española2LEMB27aLiteratura juvenil2LEMB